00309pab a2200109 454500008003600000100001800036245005000054650002600104650002100130650001900151773002900170180718b xxu||||| |||| 00| 0 eng d aSharma, Jyoti aThe police between centre and states in India a Para Military Forces a Law Enforcement aPolice - India aPolitical Science Review